000 00894nam a2200241 i 4500
001 136954
003 ES-MaACL
005 20260505130333.0
007 t|
008 070214s1963 fr afo r ||||1|bfre d
080 _a929 Saint-Exupéry, Antoine de
080 _a821.133.1 Saint-Exupéry, Antoine de 1.06
245 0 0 _aSaint-Exupéry /
_c[les auteurs ayant collaboré à cet ouvrage sont, René Marill Albérès... (et al.)].
260 _aParis :
_bHachette,
_c1963.
300 _a252 p., [20] p. de fot., [10] p. :
_bil., fot., lám. col. ;
_c25 cm.
490 1 _aCollection génies et réalités ;
_v17
500 _aÍndices.
600 0 _aSaint-Exupéry, Antoine de,
_d1900-1944
_9239169
700 1 _aAlbérès, René Marill.
_9155258
830 0 _aCollection génies et réalités ;
_v17
_9220049
852 _aES-MaACL
_jL-4066
999 _c136954
_d136954